Artilheiros da Champions dos ultimos 20 anos - Statistics

Estatísticas Gerais
  • Esse quiz foi jogado 539 vezes
  • A pontuação média é 18 de 23
Estatísticas das Respostas
Hint Resposta % Correto
17/18 Cristiano Ronaldo
99%
16/17 Cristiano Ronaldo
99%
15/16 Cristiano Ronaldo
99%
14/15 Cristiano Ronaldo
99%
13/14 Cristiano Ronaldo
99%
12/13 Cristiano Ronaldo
99%
07/08 Cristiano Ronaldo
99%
18/19 Messi
98%
14/15 Messi
98%
11/12 Messi
98%
10/11 Messi
98%
09/10 Messi
98%
08/09 Messi
98%
22/23 Haaland
88%
20/21 Haaland
88%
14/15 Neymar
85%
21/22 Benzema
79%
19/20 Lewandowski
74%
06/07 Kaká
62%
05/06 Shevchenko
22%
04/05 van Nistelrooy
10%
02/03 van Nistelrooy
10%
03;04 Morientes
5%
Nenhum quiz correspondente encontrado
Distribuição das Pontuações
Porcentagem de Pessoas com Cada Pontuação
Percentil de Números Respondidos
Sua Pontuação Histórica
Você não jogou esse quiz